All the Geography I know By Letter-G - Statistics

General Stats
  • This quiz has been taken 72 times
  • The average score is 16 of 23
Answer Stats
Hint Answer % Correct
_____. Bissau(put a period at the end of the missing word) Guinea.
98%
What the Gulf of Guinea is most likely named for Guinea
98%
Country in the Caucasus Mountains Georgia
94%
Country in Europe Greece
94%
Biggest city in Scotland Glasgow
92%
Desert in China and Mongolia Gobi
92%
Country only bordering Senegal Gambia
89%
Country in Europe Germany
89%
River in India Ganges
86%
City in Poland Gdansk
84%
Second biggest city in Sweden Gothenburg/Goteburg
81%
City in Italy Genoa
76%
Location of the Sphinx Giza
76%
HUGE city in China Guangzhou
75%
Country along the Gulf of Guinea Gabon
65%
City in Southern Spain Granada
65%
City in Belgium Ghent
63%
City in Ireland Galway
54%
The region said city is located in. Guangdong
41%
City in Northern Spain Gijon
32%
City in Poland with a similar name as the above. Gdynia
27%
City in Hungary Gyor
24%
City on the North Island of New Zealand Gisborne
13%
No matching quizzes found
Score Distribution
Percent of People with Each Score
Percentile by Number Answered
Your Score History
You have not taken this quiz